Wszystkie postacie w League of Legends - Statystyki

Ogólne statystyki
  • Ten quiz został rozwiązany 37 razy
  • Średni wynik to 72 z 161
Statystyki odpowiedzi
Bohater Typ Premiera % Poprawnych
Aatrox wojownik 13.06.2013
83%
Vi wojownik 19.12.2012
77%
Ashe strzelec 21.02.2009
73%
Draven strzelec 06.06.2012
73%
Yasuo wojownik 13.12.2013
73%
Annie mag 21.02.2009
70%
Darius wojownik 23.05.2012
70%
Jinx strzelec 10.10.2013
70%
Zed zabójca 13.11.2012
70%
Ahri mag 14.12.2011
67%
Braum wsparcie 12.05.2014
67%
Ezreal strzelec 16.03.2010
67%
Garen wojownik 27.04.2010
67%
Miss Fortune strzelec 08.09.2010
67%
Akali zabójca 11.05.2010
63%
Yone zabójca 06.08.2020
63%
Amumu obrońca 26.06.2009
60%
Anivia mag 10.07.2009
60%
Katarina zabójca 19.09.2009
60%
Lux mag 19.10.2010
60%
Teemo strzelec 21.02.2009
60%
Warwick wojownik 21.02.2009
60%
Zac obrońca 29.03.2013
60%
Bard wsparcie 12.03.2015
57%
Blitzcrank obrońca 02.09.2009
57%
Gragas mag 02.02.2010
57%
Jhin strzelec 01.02.2016
57%
Kha'Zix zabójca 27.09.2012
57%
Mordekaiser wojownik 24.02.2010
57%
Talon zabójca 24.08.2011
57%
Udyr wojownik 02.12.2009
57%
Viktor mag 29.12.2011
57%
Azir mag 16.09.2014
53%
Caitlyn strzelec 04.01.2011
53%
Ekko zabójca 28.05.2015
53%
Lucian strzelec 22.08.2013
53%
Lulu wsparcie 20.03.2012
53%
Ornn obrońca 23.08.2017
53%
Rakan wsparcie 19.04.2017
53%
Tristana strzelec 21.02.2009
53%
Xayah strzelec 19.04.2017
53%
Xin Zhao wojownik 13.07.2010
53%
Brand mag 12.04.2011
50%
Heimerdinger mag 10.10.2009
50%
Ivern wsparcie 05.10.2016
50%
Kai'Sa strzelec 07.03.2018
50%
Leona obrońca 13.07.2011
50%
Master Yi zabójca 21.02.2009
50%
Nunu i Willump wsparcie 21.02.2009
50%
Orianna mag 01.06.2011
50%
Twisted Fate mag 21.02.2009
50%
Volibear wojownik 29.11.2011
50%
Alistar obrońca 21.02.2009
47%
Cho'Gath obrońca 26.06.2009
47%
Elise mag 26.10.2012
47%
Galio obrońca 10.08.2010
47%
Gangplank wojownik 19.08.2009
47%
Kalista strzelec 20.11.2014
47%
Kog'Maw strzelec 24.06.2010
47%
Lee Sin wojownik 01.04.2011
47%
Nasus wojownik 01.10.2009
47%
Nautilus obrońca 14.02.2012
47%
Rammus obrońca 10.07.2009
47%
Swain mag 05.10.2010
47%
Xerath mag 05.10.2011
47%
Zilean wsparcie 18.04.2009
47%
Aphelios strzelec 11.12.2019
43%
Bel'Veth wojownik 09.06.2022
43%
Cassiopeia mag 14.12.2010
43%
Corki strzelec 19.09.2009
43%
Fiddlesticks mag 21.02.2009
43%
Fizz zabójca 15.11.2011
43%
Graves strzelec 19.10.2011
43%
Malphite obrońca 02.09.2009
43%
Maokai obrońca 16.02.2011
43%
Nami wsparcie 07.12.2012
43%
Quinn strzelec 01.03.2013
43%
Riven wojownik 14.09.2011
43%
Rumble wojownik 26.04.2011
43%
Ryze mag 21.02.2009
43%
Senna wsparcie 10.11.2019
43%
Sivir strzelec 21.02.2009
43%
Thresh wsparcie 23.01.2013
43%
Yuumi wsparcie 14.05.2019
43%
Zeri strzelec 20.01.2022
43%
Zyra mag 24.07.2012
43%
Camille wojownik 12.12.2016
40%
Fiora wojownik 29.02.2012
40%
Janna wsparcie 02.09.2009
40%
Jax wojownik 21.02.2009
40%
Jayce wojownik 07.07.2012
40%
Kassadin zabójca 07.08.2009
40%
Kennen mag 08.04.2010
40%
Kled wojownik 10.08.2016
40%
LeBlanc zabójca 02.11.2010
40%
Lissandra mag 30.04.2013
40%
Morgana mag 21.02.2009
40%
Poppy obrońca 13.01.2010
40%
Rell obrońca 10.12.2020
40%
Renekton wojownik 17.01.2011
40%
Rengar zabójca 21.08.2012
40%
Samira strzelec 21.09.2020
40%
Shyvana wojownik 01.11.2011
40%
Sion obrońca 21.02.2009
40%
Urgot strzelec 24.08.2010
40%
Veigar mag 24.07.2009
40%
Vel'Koz mag 27.02.2014
40%
Viego wojownik 21.01.2021
40%
Wukong wojownik 26.07.2011
40%
Akshan strzelec 22.07.2021
37%
Dr Mundo wojownik 02.09.2009
37%
Illaoi wojownik 24.11.2015
37%
Jarvan IV obrońca 01.03.2011
37%
Karthus mag 12.06.2009
37%
Kayle wojownik 21.02.2009
37%
Kayn wojownik 12.07.2017
37%
K'Sante obrońca 02.11.2022
37%
Neeko mag 05.12.2018
37%
Nidalee zabójca 17.12.2009
37%
Nocturne zabójca 15.03.2011
37%
Olaf wojownik 09.06.2010
37%
Pantheon wojownik 02.02.2010
37%
Rek'Sai wojownik 11.12.2014
37%
Renata Glasc wsparcie 17.02.2022
37%
Seraphine mag 29.10.2020
37%
Singed obrońca 18.04.2009
37%
Taric wsparcie 19.08.2009
37%
Tryndamere wojownik 01.05.2009
37%
Varus strzelec 08.05.2012
37%
Diana wojownik 07.08.2012
33%
Evelynn zabójca 01.05.2009
33%
Hecarim wojownik 18.04.2012
33%
Irelia wojownik 16.11.2010
33%
Lillia wojownik 22.07.2020
33%
Shen obrońca 24.03.2010
33%
Trundle wojownik 01.12.2010
33%
Ziggs mag 01.02.2012
33%
Gnar wojownik 14.08.2014
30%
Kindred strzelec 14.10.2015
30%
Malzahar mag 01.06.2010
30%
Qiyana zabójca 28.06.2019
30%
Sejuani obrońca 17.01.2012
30%
Sett wojownik 14.01.2020
30%
Sona wsparcie 20.09.2010
30%
Soraka wsparcie 21.02.2009
30%
Syndra mag 13.09.2012
30%
Taliyah mag 18.05.2016
30%
Twitch strzelec 01.05.2009
30%
Yorick wojownik 22.06.2011
30%
Zoe mag 21.11.2017
30%
Gwen wojownik 15.04.2021
27%
Karma mag 01.02.2011
27%
Tahm Kench wsparcie 09.07.2015
27%
Vayne strzelec 10.05.2011
27%
Pyke wsparcie 31.05.2018
23%
Sylas mag 25.01.2019
23%
Vex mag 23.09.2021
23%
Vladimir mag 27.07.2010
23%
Shaco zabójca 10.10.2009
20%
Skarner wojownik 09.08.2011
20%
Nilah strzelec 14.07.2022
10%
Nie znaleziono quizów pasujących do podanych kryteriów
Rozkład punktacji
Procent ludzi z każdym wynikiem
Percentyl według liczby udzielonych odpowiedzi
Twoja historia wyników
Nie rozwiązałeś tego quizu